| 000 | 00628nam a2200241Ia 4500 | ||
|---|---|---|---|
| 003 | IT-RoPAU | ||
| 008 | 120407s9999 xx 000 0 und d | ||
| 040 | _aIT-RoPAU | ||
| 040 | _cIT-RoPAU | ||
| 041 | _afra | ||
| 100 | _aH. Pinard de La Boullaye | ||
| 100 | _cs.j. | ||
| 245 | _aLa spiritualité ignatienne. Textes, choisis et présentés par H. Pinard De La Boullaye. | ||
| 250 | _aParis | ||
| 260 | _aLibr. Plon | ||
| 260 | _c1949 | ||
| 300 | _a459 p. | ||
| 300 | _c20,5 cm | ||
| 490 | _v1 | ||
| 600 | _a"1. Ignazio di Lojola, s. - Spiritualità. 2. Spiritualità ignaziana." | ||
| 942 | _cBK | ||
| 999 |
_c34849 _d34849 |
||